La mythologie en 10 questions #2 - Statistiques

Statistiques générales
  • Ce quiz a été pris 55 fois
  • Le résultat moyen est 2 sur 10
Statistiques - réponses
Hint Réponse % Correct
Dans la mythologie grecque, qui est la déesse de la sagesse et de la guerre stratégique ? Athéna
100%
Dans la mythologie chinoise, quel animal mythique est symbole de pouvoir impérial et de sagesse ? Dragon
75%
Quel dieu hindou a une tête d’éléphant et est le patron de la sagesse ? Ganesha
21%
Dans la mythologie japonaise, comment s’appelle la déesse du soleil ? Amaterasu
17%
Dans la mythologie maorie, quel demi-dieu est célèbre pour avoir ralenti le soleil et pêché les îles ? Maui
10%
Dans la mythologie inca, qui est la déesse de la terre et de la fertilité ? Pachamama
6%
Dans la mythologie maya, quel dieu est associé au maïs, la nourriture sacrée ? Hun Hunahpu
2%
Dans la mythologie slave, quel dieu est associé au soleil, à la guerre et à l’ordre cosmique ? Perun
2%
Dans la mythologie yoruba, qui est le dieu messager, gardien des carrefours et des hasards ? Esu
0%
Chez les peuples amérindiens Lakotas, quel est le nom du Grand Esprit créateur ? Wakan Tanka
0%
Aucun quiz correspondant
Distribution des résultats
% des personnes avec chaque résultat
Percentile par nombre de réponses
Votre historique - résultats
Vous n’avez pas pris ce quiz